Teatre i municipi a Catalunya : Terrassa, 3-4 de desembre de 2013 / Terrassa, 3-4 de desembre de 2013 /
MARC
| LEADER | 00000cam a2200000 a 4500 | ||
|---|---|---|---|
| 001 | 25567 | ||
| 003 | Arxiu | ||
| 005 | 20260324181110.0 | ||
| 008 | 160512s2016 spc 000 0 cat|c | ||
| 017 | |a DL B 10092-2016 |b Biblioteca de Catalunya | ||
| 043 | |a e-sp--- |b e-spc-- |2 catmarc | ||
| 080 | |a Bib-553 | ||
| 111 | |a Jornades de Teatre i Municipi |n (1es : |d 2013 : |c Terrassa, Catalunya) |9 52982 | ||
| 245 | 1 | 0 | |a Teatre i municipi a Catalunya : |b Terrassa, 3-4 de desembre de 2013 / |c [idea i definició: Jordi Coca ; coordinació: Àngels Nogué] |
| 246 | 3 | |a Jornades de teatre i municipi | |
| 260 | |a Barcelona : |b Diputació de Barcelona : |b Institut del Teatre, |c 2016 | ||
| 300 | |a 168 pàgines : |b il·lustracions ; |c 24 cm. | ||
| 650 | 0 | |a Teatre i societat |z Catalunya |v Congressos |2 lemac |9 52983 | |
| 650 | 0 | |a Teatres municipals |z Catalunya |x Direcció i administració |2 lemac |9 52984 |v Congressos | |
| 650 | 0 | |a Teatre i societat |z Catalunya |9 52986 | |
| 650 | 0 | |a Teatre |z Catalunya |2 lemac |9 52985 |v Congressos | |
| 700 | |a Nogué, Àngels |e director |9 43498 | ||
| 710 | 1 | |a Institut del Teatre (Barcelona, Catalunya) |9 52662 | |
| 940 | |a BC | ||
| 942 | |2 udc |c ARXIU |n 1 | ||
| 952 | |0 0 |1 0 |4 0 |6 BIB553 |7 1 |9 61785 |a Arxiu |b Arxiu |d 2022-05-19 |l 0 |o Bib-553 |p 25567 |r 2022-05-19 00:00:00 |w 2022-05-19 |y ARXIU | ||
| 999 | |c 81639 |d 81639 | ||